00858nam a2200241Ia 4500001000600000003000900006008004100015040001300056040001300069041001300082100002100095100002900116245003000145245003000175250001100205260001900216260001500235260004900250300004100299500021900340650002600559650003100585 2291IT-RoPAU130308s9999 xx 000 0 und d aIT-RoPAU cIT-RoPAU aITALIANO aBongioanni Marco gCodice Aut. SPICS: 9001 aCinema, caso di coscienza bCinema, Caso di Coscienza a1a ed. aTORINO/LEUMANN bElle Di Ci c1962 [1° Ed.:1962 - Ed.Ling.Originale:1962] a"96 p. (prefazione: no ; testo: 96)" aCaso di Coscienza per L'Influsso che Esercita Documenti Pontifici: Vigilanti cura di Pio XI Miranda Prorsus di Pio XII Criteri e Valori delle Classificazioni Morali dei Film Documenti della Santa sede e dei Vescovi aETICA CINEMATOGRAFICA eCodice materia Spics: 6813